00816nam a2200289Ia 4500008004100000020001600041100002700057245003500084245002700119260001500146260002000161260000900181300001700190300001000207500008800217650001900305650001600324650001700340650001900357650003200376650002200408650002200430650002200452650002200474650002200496700000800518160803s9999 xx 000 0 und d a0 439683564 aKimmel, Elizabeth Cody aLily B. on the brink of cool / cElizabeth Cody Kimmel. aNew York : bScholastic Inc. c2003 a245 pages ;  c20 cm a"This edition is only available for distribution through the school market"--Cover. aAuthorship --  aDiaries --  aFamilies --  aFriendship --  aSwindlers and swindling --  xJuvenile fiction. xJuvenile fiction. xJuvenile fiction. xJuvenile fiction. xJuvenile fiction. a880